| 000 | 01353pab a2200181 454500 | ||
|---|---|---|---|
| 008 | 180718b2010 xxu||||| |||| 00| 0 eng d | ||
| 100 | _aVakulabharanam, Vamsi | ||
| 245 | _aDoes class matter? Class structure and worsening inequality in India | ||
| 260 | _c2010 | ||
| 300 | _ap.67-76. | ||
| 362 | _a17 Jul | ||
| 520 | _aDoes class structure matter in understanding the increasing inequality in India during the period of economic liberalisation? There is now clear evidence from the National Sample Survey quinquennial household consumer expenditure surveys conducted in 1993-94 and 2004-05 that increased distance between urban elites (owners, managers and professionals), rural rentier classes (such as moneylenders and absentee landlords) that are more stratified at the top, and unskilled urban workers, marginal farmers and agricultural workers, who are increasingly more stratified at the bottom, helps us understand the distributional dynamics of the Indian growth story. This paper analyses the class structures in India and decomposes the overall inequality into inter-class and intra-class terms. it explains these changes by analysing the Indian policies during this period. - Reproduced. | ||
| 650 | _aClass structure - India | ||
| 650 | _aClass structure | ||
| 773 | _aEconomic and Political Weekly | ||
| 908 | _aN | ||
| 909 | _a87169 | ||
| 999 |
_c87169 _d87169 |
||